La física de Star Trek

Guardat en:
Dades bibliogràfiques
Autor principal: Krauss, Lawrence M (Autor)
Format: Llibre
Idioma:espanyol
Publicat: Pamplona Laetoli S. L 2012
Edició:1a. ed
Matèries:
Etiquetes: Afegir etiqueta
Sense etiquetes, Sigues el primer a etiquetar aquest registre!

MARC

LEADER 00000cam a2200000 a 4500
001 UCE9304
003 CL-VaPUC
008 151016e20120000sp |||||||||||||||||spa|d
020 |a 9788492422562 
082 0 4 |a 530.01  |b KRA  |2 21 
100 |a Krauss, Lawrence M  |e author  |9 561754 
245 1 3 |a La física de Star Trek 
250 |a 1a. ed 
300 |a 225 p 
942 |c BK 
945 |d 20151016 11:50:00  |a dcastane 
260 |a Pamplona  |b Laetoli S. L  |c 2012 
650 0 |a Física   |9 227844 
650 0 |a Filosofía de las ciencias  |9 256466 
583 |a last modification  |c 20151016 11:50:00  |k Rodrigo Vera 
999 |c 360973  |d 360971